Nákladovosť a možnosti jej zníženia v podniku služieb bakalárska práca

Uložené v:
Podrobná bibliografia
Hlavný autor: Petro, Peter
Korporativný autor: Podnikovohospodárska fakulta EU so sídlom v Košiciach. Katedra účtovníctva a financií
Ďalší autori: Kostková, Albína, 1951-
Médium: Kniha
Jazyk:Slovak
Vydavateľské údaje: Košice 2010
Tagy: Pridať tag
Žiadne tagy, Buďte prvý, kto otaguje tento záznam!

MARC

LEADER 00000nbm a2200000 4500
001 0132662
005 20161109111434.3
041 0 |a slo 
044 |a SK 
245 1 0 |a Nákladovosť a možnosti jej zníženia v podniku služieb  |b bakalárska práca  |c Peter Petro ; školiteľ: Albína Kostková 
264 1 |a Košice  |c 2010 
300 |a 40 s. 
100 1 |a Petro, Peter 
700 1 |a Kostková, Albína, 1951- 
710 2 |a Podnikovohospodárska fakulta EU so sídlom v Košiciach. Katedra účtovníctva a financií